LDR 00801naa#a2200169#i#450# 001 RU\INFRA-M\bibl\106078 005 20260429175440.3 011 ## _a2500-0489 100 ## _a20251101b2025####ek#y0rusy0150####ca 102 ## _aRU 200 1# _aСоздание прототипа ГИС-приложения с использованием Blender и Godot Engine _eЖурнальная статья 210 1# _aМосква _cОбщество с ограниченной ответственностью «Научно-издательский центр ИНФРА-М» _d2025 215 ## _a7 с. 608 ## _aЖурнальная статья _2local 675 ## _aЦифровое имитирование и моделирование систем. 519.876.5 _z 700 #1 _aБочкарев _gЛ. М. 856 4# _anaukaru.ru _u